00433nam a2200181Ia 450000500170000000800410001704000190005804100120007708200160008910000150010524500290012025000120014926000270016130000110018865000230019965100190022285000100024120230605142814.0131103s9999 xx 000 0 und d aLoreto College aEnglish a824.91bBEL aBelloc, H. aFirst and lastcH.Belloc a3rd.ed. aLondonbMethuen c1924 a186p.  aEnglish literature aEnglish essays aLCLIB